Traite elementaire de philosophie (Запис номер 159287)
[ съкратено ]
| 000 -Лидер | |
|---|---|
| Контролно поле с фиксирана дължина | nam a22 a 4500 |
| 003 - Код на организацията, давaща контролен номер | |
| Контролно поле | BLK |
| 005 - Дата и час на последна редакция | |
| Контролно поле | 20201028111119.0 |
| 008 - Елементи от данни с фиксирана дължина | |
| fixed length control field | 180410b bul|||||r ||||||| ||bul|| |
| 010 ## - Наследен системен номер | |
| LC control number | KNG00166399000 |
| 040 ## - Източник на каталожния запис | |
| Идентификатор на билиотеката - собственик на записа | BLK |
| 041 ## - Код за език | |
| Код за езика на текст/звукозапис или на отделно заглавие | Френски |
| Код за езика КДБФ | Френски |
| 080 ## - УДК | |
| Текстов определител УДК | Обща история на философията |
| УДК код - определител по УДК | 101(091) |
| УДК определител | (075) |
| УДК - код + определител | 101(091)(075) |
| 100 1# - Редна дума - Автор | |
| Автор | Janet, Paul |
| Авторска отговорност | първи автор |
| R(LIN) | 334447 |
| 139 ## - Редно поле | |
| Редна дума | Janet, Paul |
| Авторски знак | Jan - J 23 |
| 245 10 - Сведения за заглавието | |
| Заглавие | Traite elementaire de philosophie |
| Подзаглавни данни | A L'Usage des classes |
| Редно поле (дума) | Paul Janet. |
| 250 ## - Област на изданието | |
| Сведения за изданието | 3. ed. revue corr. |
| 257 ## - Страна на издаване | |
| Страна на създаване/издаване | Франция |
| 260 ## - Област на издателските данни | |
| Име на издателя, разпространителя и проч. | Delagrave |
| Година на издаване | 1883 |
| Място на издаване, разпространение и проч. | Paris |
| 300 ## - Физическа характеристика | |
| Страници | 803 с. |
| Размери/Мащаб | 23 см |
| 380 ## - Жанр | |
| Жанр | Философия |
| 490 ## - СЕРИИ (Колекции) | |
| 9 (RLIN) | 435080 |
| Име на серия | Колекция Редки и ценни издания |
| 650 #4 - Допълнително описание по предмет – тема | |
| Основно описание – тема или топоним | Философия - учебни помагала |
| 9 (RLIN) | 251039 |
| 653 ## - Ключова дума – ненормативна | |
| Ключова дума | философия |
| 653 ## - Ключова дума – ненормативна | |
| Ключова дума | философски категории |
| 653 ## - Ключова дума – ненормативна | |
| Ключова дума | учебни помагала |
| 852 ## - Местоположение | |
| Форматна сигнатура | Рф 883 |
| Фондова буква | Редки и ценни |
| 856 4# - Електронен адрес и достъп | |
| Електронен формат | pdf - файл |
| 999 ## - СИСТЕМНИ КОНТРОЛНИ НОМЕРА | |
| Koha biblionumber | 159287 |
| Koha biblioitemnumber | 159287 |
| 942 ## - АРТИКУЛИ | |
| Вид на библиотечния материал | Книги |
| Скрит в OPAC | Не |
| Периодичен библиозапис | Да |
| 944 ## - СЪЗДАВАНЕ И РЕДАКЦИЯ на ЗАПИСА | |
| Създаване/Редакция | Създаване |
| Дата на регистрацията/редакция | 22.10.2014 |
| Служител, извършил регистрацията/редакцията | Наталия_Медовщикова |
| 944 ## - СЪЗДАВАНЕ И РЕДАКЦИЯ на ЗАПИСА | |
| Създаване/Редакция | Редакция |
| Дата на регистрацията/редакция | 13.11.2014 |
| Служител, извършил регистрацията/редакцията | Наталия_Медовщикова |
| 999 ## - СИСТЕМНИ КОНТРОЛНИ НОМЕРА | |
| Koha biblioitemnumber | 159287 |
| Код за отписване | Код за изгубен артикул | Източник на класификационната схема | Код за повреда | Коз за рестрикции | Код за отдаване | Артикулен № | Име на библиотеката - собственик | Име на библиотеката, в която се намира в момента | Статус (Текущо местоположение) | Дата на вписване в системата | Местоположение - отдел | Цена в лева | Инвентарен номер | Систематично азбучна сигнатура | Баркод | Номер на екземпляра | Цена в евро | Служебна бележка | Служебен тип на артикула |
|---|---|---|---|---|---|---|---|---|---|---|---|---|---|---|---|---|---|---|---|
| Не е изгубен | Universal Decimal Classification | Не е повреден | само за читалня | Специални фондове ( старопечатни, редки и ценни, фонд М. Арнаудов) | 266152 | Регионална библиотека "Любен Каравелов" Русе | Регионална библиотека "Любен Каравелов" Русе | Редки и ценни | 1946-01-01 | Редки и ценни | 1.80 | 16370 | Рф 883 | 900000037777 | 1 | 0.92 | Дост: DA N: стар фонд Дата: 01.01.1946 Дата инв: 14.12.2016 Бележки инв: Рц2016 | Книги |